Región, literatura e identidad: el caso de Costa Rica /
保存先:
| 第一著者: | |
|---|---|
| フォーマット: | 図書 |
| 言語: | Spanish |
| 主題: | |
| タグ: |
タグ追加
タグなし, このレコードへの初めてのタグを付けませんか!
|
MARC
| LEADER | 00000nam a22000007a 4500 | ||
|---|---|---|---|
| 001 | 173 | ||
| 003 | cru CIDCACS/IIS | ||
| 005 | 20190906094831.0 | ||
| 008 | 190906b ||||| |||| 00| 0 spa d | ||
| 999 | |c 42334 |d 42334 | ||
| 040 | |c cru CIDCACS/IIS | ||
| 100 | 1 | |9 8505 |a Bogantes, Claudio | |
| 245 | 1 | |a Región, literatura e identidad: |b el caso de Costa Rica / |c Claudio Bogantes | |
| 300 | |a páginas 125-139 | ||
| 650 | 0 | |9 3235 |a LITERATURA | |
| 650 | 0 | |9 4465 |a IDENTIDAD CULTURAL | |
| 650 | 0 | |9 2849 |a DESARROLLO REGIONAL | |
| 651 | 0 | |9 32 |a COSTA RICA | |
| 773 | 0 | |0 18809 |9 3203 |a Universidad de Varsovia |d Varsovia, Polonia: Universidad de Varsovia. Facultad de Geografía y Estudios Regionales, 1984- |o 03524 |t Actas Latinoamericanas de Varsovia/ |w (cru CIDCACS/IIS)36121 | |
| 942 | |2 ddc |c PP | ||
